|
|
|
|
| LEADER |
00000nam0a2200000 4500 |
| 001 |
252338 |
| 005 |
20231101232736.0 |
| 035 |
|
|
|a (RuTPU)RU\TPU\book\274670
|
| 090 |
|
|
|a 252338
|
| 100 |
|
|
|a 20140301d1898 k y0gery50 ba
|
| 101 |
0 |
|
|a ger
|
| 102 |
|
|
|a RU
|
| 105 |
|
|
|a a z 001zy
|
| 200 |
1 |
|
|a Handbuch der Ziegel-Fabrikation
|f K. Dümmler
|
| 210 |
|
|
|a Berlin
|c Druck und Verlag von Wilhelm Knapp
|d 1898
|
| 215 |
|
|
|a 456 s.
|c il.
|
| 606 |
1 |
|
|a Кирпичное производство
|x Механизация комплексная
|2 stltpush
|3 (RuTPU)RU\TPU\subj\35031
|9 56823
|
| 610 |
1 |
|
|a силикаты
|
| 610 |
1 |
|
|a силикатные материалы
|
| 610 |
1 |
|
|a силикатные производства
|
| 610 |
1 |
|
|a кирпичи
|
| 610 |
1 |
|
|a кирпичные заводы
|
| 610 |
1 |
|
|a кирпичное производство
|
| 610 |
1 |
|
|a немецкий язык
|
| 675 |
|
|
|a 666.71
|v 3
|
| 700 |
|
1 |
|a Dümmler
|b K.
|
| 801 |
|
1 |
|a RU
|b 63413507
|c 20140301
|
| 801 |
|
2 |
|a RU
|b 63413507
|c 20140304
|g RCR
|
| 942 |
|
|
|c BK
|